Discovering ducks,geese and swans

Bibliographic Details
Main Author: Wharton, Tony
Format: Book
Published: England : Wayland , 1987
Series:Discovering nature
Subjects:

MARC

LEADER 00000cam a2200000 7i4500
001 0000002043
002 000002230
005 20060206.0
020 |a 0850788188 
090 0 0 |a 508   |b WHA 
100 1 |a Wharton, Tony 
245 1 0 |a Discovering ducks,geese and swans   |c Tony Wharton 
260 |a England :   |b Wayland ,   |c 1987 
300 |a 47p. :   |b ill ;   |c 21cm. 
490 0 |a Discovering nature 
650 0 0 |a Water fowl   |x Juvenile literature 
999 |a 033657   |b BUKU   |c JUNIOR BOOKS   |e PERPUSTAKAAN KOMUNITI PETALING JAYA